000 00734nam a2200289Ia 4500
005 20260324122202.0
008 008 260324s9999 xx 000 0 eng d
020 _a9780203126387
037 _aEBOOK
040 _aCRL
040 _beng
040 _cCRL
041 _2eng
041 _aeng
084 _qCRL
100 _aShane N. Phillipson; Heidrun Stoeger; Albert Ziegler
_91165458
245 0 _aExceptionality in East Asia
245 0 _bExplorations in the Actiotope Model of Giftedness
260 _bTaylor and Francis
260 _c2013
365 _a
365 _b230
856 _uhttp://www.taylorfrancis.com/books/9780203126387
942 _cEBOOK
999 _c1758004
_d1758004